| 000 | 00978nam a22002057a 4500 | ||
|---|---|---|---|
| 999 |
_c184971 _d184971 |
||
| 005 | 20220623114618.0 | ||
| 010 | _aB-742375-378 HIN-21-22 | ||
| 020 |
_a9788194864943 _c399.00 |
||
| 035 | _aB-742375-378 | ||
| 037 | _bEmpty Canvas Publishers | ||
| 037 | _bआकार बुक्स | ||
| 082 | _aउ | ||
| 100 | _aचतुरसेन आचार्य | ||
| 245 |
_aवयं रक्षाम: / _cआचार्य चतुरसेन |
||
| 260 |
_aNew Delhi _bEmpty Canvas Publishers _c2021 |
||
| 270 |
_a4435-36/7, First Floor, Ansari Road, Daryaganj _bNew Delhi _e110002 |
||
| 300 |
_a429पृ. _c22सेमी(अजिल्द) |
||
| 942 |
_2ddc _cHN _mचतुर _hउ |
||